L'Histoire de la 1ère guerre mondiale à la 5ème République - Statistiques

Statistiques générales
  • Ce quiz a été pris 570 fois
  • Le résultat moyen est 5 sur 10
Statistiques - réponses
Hint Réponse % Correct
En quelle année s'est déroulée la bataille de Verdun ? 1916
97%
En quelle année a eu lieu l'attentat des tours du World Trade Center? 2001
82%
En juin 1940, quelle ville rallie Charles de Gaules? Londres
77%
En quelle année a eu lieu le Krach de la bourse de New York? 1929
63%
Quelle président américain succéda à Bill Clinton à la présidence des Etats-Unis? George W Bush
53%
En quelle année Mikhaïl Gorbatchev est arrivé au pouvoir en URSS? 1985
51%
En quelle année a eu lieu le séisme qui a fait plus de 230 000 morts à Haiti? 2010
44%
Comment se nomme le ministre de la santé en France après Agnès Buzyn durant la présidence d'Emmanuel Macron lors de son premier mandat? Olivier Véran
38%
Quel était le nom du Président du Conseil en France pendant la Première Guerre mondiale ? Raymond Poincaré
24%
Pour le général de Gaulle, que représente « la force mécanique » de l'ennemi évoquée dans son discours du 18 juin 1940 ? modernité tactique militaire allemande
0%
Aucun quiz correspondant
Distribution des résultats
% des personnes avec chaque résultat
Percentile par nombre de réponses
Votre historique - résultats
Vous n’avez pas pris ce quiz